000 00507nam a2200181Ia 4500
005 20250326125146.0
008 250326s9999 xx 000 0 und d
037 _aTextbook
040 _aFMSL
_beng
_cFMSL
041 _aeng
_2eng
084 _aX5.1 K5
_qFMSL
100 _aCoyle J J
_9735960
245 0 _aReadings in international business
_cCoyle J J; Mock E J
260 _aUSA
_bUSA, International Textbook
_c1965
300 _a359p
942 _cTB
_hX5.1 K5
999 _c1276797
_d1276797